000 00802nam a22002057a 4500
999 _c22597
_d22597
003 AR-CdUCM
008 190427b ||||| |||| 00| 0 spa d
020 _a9786124394331
040 _aMUNICIPALIDAD PROVINCIAL DEL CUSCO
_cBIBLIOTECA MUNICIPAL DEL CUSCO
082 _aPI/869.56/C122A5
_bC122A5
100 _aCabana Kojachi, Pepe
_948463
245 _aAmigos y superhéroes /
_cPepe Cabana Kojachi "Mukashi Mukashi" ; [ilustración, Juan Manuel Oblitas Molina, Luz Marina Mamani Quilla]
260 _aLima :
_bEdit. Khalamos,
_c2018.
300 _a15 páginas. :
_bIlustraciones en color ;
_c21 x 21 cm.
650 _aCuentos infantiles peruanos
_93914
700 _aOblitas, Juan Manuel
_eilustrador
_948607
700 _aMamani Quilla, Luz
_eilustrador
_948608
942 _2ddc
_cLIBROS
945 _arac